Statistics for Назови штат США по флагу

Click here to take the quiz!

General Stats

  • This quiz has been taken 2 143 times
  • The average score is 23 of 50

Answer Stats

Answer% Correct
Техас
91%
Калифорния
81%
Аляска
79%
Вашингтон
76%
Огайо
70%
Нью-Йорк
68%
Флорида
61%
Аризона
60%
Гавайи
58%
Южная Каролина
56%
Колорадо
55%
Нью-Мексико
52%
Северная Каролина
52%
Алабама
49%
Нью-Джерси
48%
Южная Дакота
47%
Виргиния
45%
Орегон
45%
Северная Дакота
45%
Мэн
45%
Арканзас
44%
Невада
43%
Юта
42%
Джорджия
42%
Луизиана
41%
Миссисипи
41%
Мичиган
41%
Миссури
40%
Канзас
40%
Оклахома
40%
Вайоминг
39%
Айова
39%
Пенсильвания
38%
Иллинойс
38%
Монтана
38%
Индиана
38%
Массачусетс
38%
Мэриленд
38%
Айдахо
38%
Небраска
37%
Теннеси
35%
Западная Виргиния
35%
Кентукки
35%
Род Айленд
33%
Коннектикут
31%
Вермонт
30%
Висконсин
30%
Миннесота
29%
Делавэр
29%
Нью-Гемпшир
26%

Score Distribution

Percentile by Number Answered

Percent of People with Each Score

Your Score History

You have not taken this quiz